000 01035cam a2200301 i 4500
942 _cBK
999 _c503
_d503
001 18843438
003 OSt
005 20250420134813.0
008 151104s2015 enka 001 0 eng
010 _a 2014397295
020 _a9781107480612
040 _aDLC
_beng
_erda
_cKCST
_dDLC
050 0 0 _aPE1128
_b.M77764 2015
082 0 0 _a428.24
_223
_bNa Es
100 1 _aNaylor, Helen
_94733
245 1 0 _aEssential grammar in use :
_bSupplementary exercises with answers /
_cRaymond Murphy, Helen Naylor
250 _aFourth edition.
260 _aCambridge :
_bCambridge University Press,
_c2015.
300 _a128 pages :
_billustrations ;
_c27 cm.
500 _aIncludes index.
650 0 _aEnglish language
_vTextbooks for foreign speakers.
_94734
650 0 _aEnglish language
_xGrammar
_vProblems, exercises, etc.
_9112
650 0 _aEnglish language
_xStudy and teaching (Elementary)
_xForeign speakers.
_94735
650 0 _aLanguage arts (Elementary)
_94736
700 _aMurphy, Raymond
_94737
942 _2ddc